Personnages de Jane The Virgin - Statistiques

Statistiques générales
  • Ce quiz a été pris 22 fois
  • Le résultat moyen est 16 sur 37
Statistiques - réponses
Hint Réponse % Correct
s1-s5 Jane
100%
s1-s5 Rafael
100%
s1-s5 Michael
95%
s1-s5 Xiomara
95%
s1-s5 Alba
85%
s1-s5 Petra
85%
s2-s5 Mateo
80%
s1-s5 Rogelio
80%
s1-s5 Rose
75%
s1-s5 Luisa
60%
s3-s4 Adam
45%
s3 Bruce
45%
s3-s4 Elsa / Ellie
45%
s1-s5 Lina
45%
s1-s5 Magda
45%
s3-s4 Anna
40%
s3-s5 Darci
40%
s1 Emilio
40%
s3-s4 Fabian
40%
s1-s2 Nadine
35%
s1 Roman
35%
s2-s4 Anezka
30%
s1-s5 Esteban
30%
s1 Aaron
25%
s2 / s4 Jonathan
25%
s4-s5 JR
25%
s1-s2 Lachlan
25%
s3-s5 Jorge
20%
s2-s5 Krishna
20%
s1-s2 Ivan
15%
s2-s5 Marlene
15%
s4-s5 River
15%
s2 Susanna
15%
s1-s2 Valeria
15%
s1-s2 Victoria
15%
s3-s5 Dennis
10%
s1-s2 / s5 Liliana
5%
Aucun quiz correspondant
Distribution des résultats
% des personnes avec chaque résultat
Percentile par nombre de réponses
Votre historique - résultats
Vous n’avez pas pris ce quiz